000 00493nam a2200145Ia 4500
008 220216s9999 xx 000 0 und d
100 _aSukonrat W
245 0 _aPossible application of an enzyme parameter for selection of high yielding rubber clones
260 _bHevea 88: IRRDB, 2 August to 7 November 1988, Paris. pp.587-593.
650 _aEarly selection
650 _aHydroxymethylglutaryl Co reductase
650 _aRubber biosynthesis
700 _aWititsuwannakul R
942 _cJS
999 _c65340
_d65340